000 004680000a22001810004500
001 002030
003 MACL
005 20150705150408.0
008 150705b xxu||||| |||| 00| 0 eng d
040 _aMACL
_cMACL
041 _aEnglish
100 _aVohra, N.N
_9902
245 _aCulture Democracy And Devlopment In South Asia
_cN.N Vohra
260 _aShipra Publications,
_c2001
_bNew Delhi
350 _a550
650 _aSocial Science
_929
942 _k307
_cBK
_2ddc
999 _c13946
_d13946